000 01098cam a2200241 4500
001 ABS64845
008 011126n2001 000 0 eng u
035 _a(Sirsi) u115740
100 _aIsakson, H.R.
245 _aUsing multiple regression analysis in real estate appraisal
260 _c2001
490 _aAppraisal Journal
_v69(4) October 2001, 424-430(7)
520 _aThis research addresses, using a respresentative appraisal report, the dangers of using multiple regression analysis (MRA) to estimate the value of real estate. Illustrates the application of MRA with the appraisal of a manufacturing plant site. The study discusses techniques techniques for avoiding these pitfalls. Finally the study concludes with recommendations to appraisers regarding the application of MRA in the appraisal of real estate.
590 _aABS
650 _aMULTIPLE REGRESSION ANALYSIS
650 _aAPPRAISAL
650 _aCOMPARABLE SALES
650 _aREAL ESTATE
650 _aPLANT
650 _aValuation
_96273
690 _aPROPERTY-PROPERTY APPRAISAL AND VALUATION
942 _n0
999 _c68941
_d68941